| 000 | 00778nam a2200241 4500 | ||
|---|---|---|---|
| 003 | OSt | ||
| 005 | 20240725032848.0 | ||
| 006 | a | ||
| 008 | 240725b |||||||| |||| 00| 0 eng d | ||
| 020 | _a9780470275412 | ||
| 040 |
_aDWCL-HMN lib. _cOC |
||
| 082 | _aCirc. 616.9750654 P473a 2003 | ||
| 100 | _aPescatore, Fred | ||
| 245 | _aThe allergy and asthma cure : a complete 8-step nutrition program / | ||
| 260 |
_aN.J. : _bJohn Wiley & Sons, Inc., _cc2003. |
||
| 300 |
_axix, _b251 p. ; _c24 cm. |
||
| 504 | _aIncludes bibliographical references & index. | ||
| 650 | _a1. Food allergy-Diet therapy. | ||
| 650 | _a2. Asthma-Diet therapy. | ||
| 650 | _a3. Allergy-Alternative treatment. | ||
| 650 | _a4. Asthma-Alternative treatment. | ||
| 942 |
_2ddc _n0 _cBK-CIRC _kCirc. |
||
| 999 |
_c2716 _d2716 |
||